| 000 | 01143nabaa22002297a 4500 | ||
|---|---|---|---|
| 999 |
_c6173 _d6173 |
||
| 003 | OSt | ||
| 005 | 20260123231850.0 | ||
| 008 | 190701b xxu||||| |||| 00| 0 spa d | ||
| 040 | _cPJ | ||
| 100 |
_96914 _aJuliá, Marta S. |
||
| 245 | 1 | 3 |
_aEl derecho administrativo frente al cambio climático : _bdesafíos y oportunidades frente a la regulación ambiental / _cMarta S. Juliá, M. Cecilia Tello Roldán, M. Eugenia Villalba. |
| 300 | _ap. 23-32 | ||
| 500 | _aCita: TR LALEY AR/DOC/1107/2024 | ||
| 505 | _aSumario: I. Introducción.— II. Panorama normativo.— III. Impacto de los cambios institucionales de la nueva gestión gubernamental (2023-2027) en la política de cambio climático.— IV. Conclusiones. | ||
| 505 | _t¿Te interesa el texto completo? Comunicate al correo: koha@justierradelfuego.gov.ar | ||
| 650 | 0 |
_9211 _aDERECHO ADMINISTRATIVO |
|
| 650 | 0 |
_96111 _aCAMBIO CLIMÁTICO |
|
| 700 |
_96915 _aTello Roldán, M. Cecilia |
||
| 700 |
_96916 _aVillalba, M. Eugenia |
||
| 773 | 0 |
_02842 _93251 _dBuenos Aires : AbeledoPerrot, 2012- _oDA121 _tDerecho administrativo. Nº 153 mayo/junio 2024 _z18510590 |
|
| 942 |
_2udc _cANA |
||